000 00545nam a2200217 a 4500
999 _c3642
_d3642
001 3642
003 BD-JhCC
005 20171119090125.0
008 171115s1968 nyn||||| |||| 00| 0 eng d
035 _a(BD-JhCC)
040 _aBD-JhCC
_dBD-JhCC
041 _aeng
082 _a110
_bRUS 1968
100 _aRussell, Bertrand
245 _aPhilosphical Essays /
_cBertrand Russell
260 _aNew york :
_bA clarion Book,
_cRUS 1968
300 _a159 p. :
_c22cm.
650 _aPhilosophy
_xpsychology
942 _2ddc
_cBK